Responses for show #4734 - Thursday, March 17, 2005

2005 Ultimate Tournament of Champions Round 1, game 27.

Contestants

[<< previous game]

Brian Moore, an astronomer from Houston, Texas

Dan Katz, a lawyer from Owings Mills, Maryland

John Zhang, a freshman at MIT originally from Lexington, Kentucky

[next game >>]

Jeopardy! Round responses

LITERARY QUOTES
23 SKIDOO
LEGAL LINGO
ART -ISMs
SING A SONG OF SIX PACKS
CHEERS
(Alex: ...the television series.)
    $200 6
Moby-Dick

John Z
    $200 25
Hancock

John Z
    $200 8
evidence

Brian
    $200 1
Germany

Brian
    $200 16
Miller

Dan
    $200 17
Ted Danson

Brian
    $400 7
Wuthering Heights

Brian
    $400 26
(John Z: What is Louisiana?)

Switzerland

John ZBrian
    $400 9
grand (theft)

John Z
    $400 2
Russia

John Z
    $400 18
Coors (Light)

Dan
    $400 19
Norm

Brian
    $600 10
(Brian: Um...)
(Alex: Oh, drawing a blank!)

The quality of mercy is not strain'd

Brian
Triple Stumper
    $600 28
(Brian: No, who was Mata Hari?)

Bonnie Parker

Brian
Triple Stumper
    $600 13
precedent

Dan
    $600 3
Neoclassicism

John Z
    $600 20
Anheuser-Busch

Dan
    $600 21
Woody Harrelson

Brian
    $800 11
April is the cruelest month

Brian
    $800 29
(Dan: What is [*]?)
(Alex: No.)
[Dan looks around, surprised.]
(Alex: We'll accept that? [*], okay.)

(San Juan) Capistrano

Dan
    $1,000 14
due process

Dan
    $800 4
Romanticism

John Z
    $800 24
Sam Adams

John Z
    $800 22
Shelley Long

Dan
    $1000 12
Lord Tennyson

Triple Stumper
    $1000 30
Catherine of Aragon

John Z
    $1000 15
speaks for itself

Brian
    $1000 5
Photorealism

Triple Stumper
    $1000 27
(Dan: What is Molson?)

Rolling Rock

DanBrian
    $1000 23
Kelsey Grammer

Brian

Scores at the first commercial break (after clue 14):

John Z Dan Brian
$2,400 $1,600 $1,000

Scores at the end of the Jeopardy! Round:

John Z Dan Brian
$4,000 $3,400 $5,000

Double Jeopardy! Round responses

THE '60s
MOVIE SONGS
(Alex: We want you to name the film in which the [*] were featured.)
ISLAND HOPPING
GRAMMAR
(Alex: Name the state represented in...)
KNOW YOUR CONGRESS
"E" GADS!
    $400 13
the pill

Brian
    $400 1
Saturday Night Fever

Brian
    $400 3
(Brian: What's 32?)
(John Z: What is 62?)
(Dan: What is [*]?)
(Alex: Way to go.)

132

John ZDanBrian
    $400 12
a conjunction

Dan
    $400 7
Nevada

John Z
    $400 27
Ecuador

Brian
    $800 14
the Warren Commission

Brian
    $800 2
The Bodyguard

John Z
    $800 22
Canada

Brian
    $800 18
modifiers

Brian
    $800 8
Utah

Brian
    $800 28
The Everly Brothers

Dan
    $1200 15
Nasser

Brian
    $1200 4
Easy Rider

Dan
    $1200 23
Tuvalu

John Z
    $1200 19
ye (or thou or thee)

Brian
    $1200 9
South Carolina

Brian
    $1200 30
Elizabeth

Brian
    $1600 16
(John Z: What is Vietnam?)

Czechoslovakia

John ZBrian
    $1600 5
(Brian: What is Gangs of New York?)

Cold Mountain

Brian
Triple Stumper
    $1600 24
Sint Maarten

Dan
    $6,000 20
a gerund

Brian
    $1600 10
Maryland

Brian
    $1600 29
(John Z: What is eureka?)

excelsior

John ZBrian
    $2000 17
the Colonels

Triple Stumper
    $2000 6
Almost Famous

Brian
    $5,000 25
Corsica

Dan
    $2000 21
a progressive

John Z
    $2000 11
Louisiana

Brian
    $2000 26
(John Z: What is a panacea?)

an elixir

John ZBrian

Scores at the end of the Double Jeopardy! Round:

John Z Dan Brian
$2,800 $12,800 $29,000
(lock game)

[wagering suggestions for these scores]

Final Jeopardy! Round responses

WORDS
(Alex: [To Dan] And that is right. That halo-like light above a saint's head and the dark cloud.)
John ZWhat is shadow?
$2,800
DanWhat is a nimbus?
$7,200
BrianWhat is a nimbus?
$3,000
nimbus

Final scores:

John Z Dan Brian
$0 $20,000 $32,000
3rd place: $5,000 2nd place: $5,000 Winner: $32,000 + an advance to UToC Round 2

Game dynamics:

Coryat scores:

John Z Dan Brian
$2,800 $9,600 $24,600
12 R,
5 W
13 R
(including 2 DDs),
1 W
29 R
(including 1 DD),
4 W

Combined Coryat: $37,000

The J! Archive is created by fans, for fans. The Jeopardy! game show and all elements thereof, including but not limited to copyright and trademark thereto, are the property of Jeopardy Productions, Inc. and are protected under law. This website is not affiliated with, sponsored by, or operated by Jeopardy Productions, Inc. Join the discussion at JBoard.tv.